Pays qui possédaient Athènes à travers l'histoire - Statistiques

Statistiques générales
  • Ce quiz a été pris 118 fois
  • Le résultat moyen est 6 sur 13
Statistiques - réponses
Période Réponse % Correct
1833 - Aujourd'hui Grèce
97%
1941-1945 W.B Süd-Ost
93%
1458 - 1833 Empire Ottoman
92%
-86 - 395 Empire Romain
80%
395 - 1204* Empire Byzantin
75%
~XIe (11e) av J-C. - /-338 Grèce antique
69%
-338 - /-323 Royaume de Macédoine
67%
-86 - /-29 République Romaine
20%
1311 - 1395/1402 - 1458 {Duché} d'Athènes
17%
1395 - 1402 République de Venise
15%
-229 - /-86 {Citée} d'Athènes
10%
1204 - 1311 Royaume d'Aragon
7%
-323 - /-229 Royaume de Cassandre
2%
Aucun quiz correspondant
Distribution des résultats
% des personnes avec chaque résultat
Percentile par nombre de réponses
Votre historique - résultats
Vous n’avez pas pris ce quiz